=LDR 00000nam 2200000 4500 =001 INLIS000000000035155 =005 20130612141031 =008 ***********************************Ind** =035 ##$$0010-061300000035155 =041 ##$$a Ind =082 ##$$a 690 =090 ##$$a 690, Zai r =100 ##$$a Zainal A.Z =245 ##$$a Rumah Rakyat , Membangun sumah semipermanen rencana dan bahan-bahan yang dipakai, Zainal A.Z =260 ##$$a 1983 $b Jakarta =300 ##$$a 119 hlm, lus, 28 cm =650 ##$$a Arsitektur =850 ##$$a NBPNMAT